[Event "6th Gibtelecom Masters"]
[Site "Gibraltar ENG"]
[Date "2008.01.22"]
[Round "1"]
[White "Hagen,Ande"]
[Black "Hughes,Pe"]
[Result "1-0"]
[WhiteElo "2049"]
[BlackElo "2195"]
[EventDate "2008.01.22"]

1. e4 c5 2. Nf3 g6 3. d4 cxd4 4. Nxd4 Nc6 5. c4 Nf6 6. Nc3 d6 7. Nc2 Bg7 8.
Be2 O-O 9. O-O Be6 10. Be3 Qa5 11. f3 Rfc8 12. Qd2 Qd8 13. b3 Nd7 14. Rad1
Qf8 15. f4 Nf6 16. Kh1 Rd8 17. Bf3 Bg4 18. Qe1 Bxf3 19. Rxf3 Ng4 20. Bc1 f5
21. Nd5 Rac8 22. exf5 Qxf5 23. Nce3 Nxe3 24. Rxe3 e5 25. fxe5 Bxe5 26. Rf3
Qh5 27. Nf6+ Bxf6 28. Qe6+ 1-0

[Event "6th Gibtelecom Masters"]
[Site "Gibraltar ENG"]
[Date "2008.01.23"]
[Round "2"]
[White "Reuben,S"]
[Black "Kandic,Mila"]
[Result "1/2-1/2"]
[WhiteElo "2150"]
[BlackElo "2238"]
[EventDate "2008.01.22"]

1. c4 e5 2. g3 d5 3. cxd5 Nf6 4. Nc3 Nxd5 5. Bg2 Nxc3 6. bxc3 c6 7. Nf3 Bd6
8. O-O O-O 9. d4 Nd7 10. Qb3 Qb6 11. Ba3 Qxb3 12. axb3 Bxa3 13. Rxa3 exd4
14. Nxd4 Re8 15. Nxc6 bxc6 16. Bxc6 Rb8 17. Rxa7 Rd8 18. Rd1 Rxb3 19. Rd3
Kf8 20. Bxd7 Bxd7 21. Raxd7 Rxd7 22. Rxd7 Rxc3 23. g4 g5 24. f3 Kg7 25. Kf2
Ra3 26. Rd3 Ra1 27. e3 Ra2+ 28. Kg3 h6 29. h4 gxh4+ 30. Kxh4 Rb2 31. f4 Re2
32. Kg3 Re1 33. Kf2 Ra1 34. Kf3 Rf1+ 35. Ke4 Ra1 36. Rd5 Ra3 37. f5 Ra4+
38. Rd4 Ra3 39. Kf4 Ra1 40. e4 Rf1+ 41. Ke3 Kf6 42. Rd6+ Kg5 43. Rd7 Kf6
44. e5+ Kxe5 45. Rxf7 h5 46. Re7+ Kf6 47. Re6+ Kf7 48. Rg6 1/2-1/2

[Event "6th Gibtelecom Masters"]
[Site "Gibraltar ENG"]
[Date "2008.01.24"]
[Round "3"]
[White "Hughes,Pe"]
[Black "Matto,M"]
[Result "1-0"]
[WhiteElo "2195"]
[BlackElo "1886"]
[EventDate "2008.01.22"]

1. d4 f5 2. Bf4 Nf6 3. e3 e6 4. h3 Be7 5. Nd2 c6 6. Ngf3 d5 7. Be2 Nbd7 8.
O-O O-O 9. c4 Ne4 10. Ne5 Bg5 11. Ndf3 Bxf4 12. exf4 Ndf6 13. c5 g6 14. b4
Nh5 15. Qc1 Ng7 16. Qe3 Ne8 17. Rfc1 Kg7 18. a3 h6 19. Bd3 Rg8 20. Rc2 Qe7
21. b5 Bd7 22. Rb1 Rc8 23. a4 Kh7 24. a5 g5 25. fxg5 hxg5 26. a6 bxa6 27.
bxa6 Rc7 28. Rb7 Qg7 29. Nxd7 Rxd7 30. Rxd7 Qxd7 31. Rb2 Qd8 32. Rb7+ Rg7
33. Bxe4 dxe4 34. Nxg5+ Kg8 35. Nxe6 Qf6 36. Nxg7 Nxg7 37. Rxa7 Ne6 38.
Qg3+ Kf8 39. Qb8+ Nd8 40. Rd7 Ke8 41. Qxd8+ Qxd8 42. Rxd8+ Kxd8 43. a7 1-0

[Event "6th Gibtelecom Masters"]
[Site "Gibraltar ENG"]
[Date "2008.01.25"]
[Round "4"]
[White "Van Kemenade,R"]
[Black "Tate,A"]
[Result "0-1"]
[WhiteElo "2029"]
[BlackElo "2163"]
[EventDate "2008.01.22"]

1. e4 c5 2. Nf3 d6 3. Bb5+ Nd7 4. c3 Ngf6 5. Qe2 a6 6. Ba4 b5 7. Bc2 e5 8.
d4 Be7 9. O-O O-O 10. h3 Re8 11. d5 Nf8 12. Rd1 Ng6 13. a4 Bd7 14. axb5
axb5 15. Rxa8 Qxa8 16. Na3 Rb8 17. Bd2 Nh5 18. Qf1 Nhf4 19. Ra1 Qb7 20. Kh2
Ra8 21. Re1 h5 22. h4 c4 23. Ng1 Nxh4 24. g3 Bh3 25. Nxh3 Nf3+ 26. Kh1 Nxd2
27. gxf4 Nxf1 28. Rxf1 exf4 29. Nxf4 Qd7 30. Rg1 Bf6 31. Nxh5 Qh3+ 0-1

[Event "6th Gibtelecom Masters"]
[Site "Gibraltar ENG"]
[Date "2008.01.25"]
[Round "4"]
[White "Hughes,Pe"]
[Black "Lilleoren,M"]
[Result "0-1"]
[WhiteElo "2195"]
[BlackElo "2065"]
[EventDate "2008.01.22"]

1. d4 Nf6 2. c4 c5 3. d5 b5 4. Nf3 g6 5. Qc2 bxc4 6. e4 Ba6 7. Nc3 d6 8.
Be2 Bg7 9. O-O O-O 10. Nd2 Nbd7 11. f4 Nb6 12. a4 e6 13. a5 Nbd7 14. dxe6
fxe6 15. Rd1 d5 16. exd5 exd5 17. Bf3 d4 18. Nd5 Rb8 19. Nxf6+ Nxf6 20.
Nxc4 Bb7 21. Bxb7 Rxb7 22. Ne5 Qd5 23. a6 Rb5 24. Qc4 Rfb8 25. Ra3 Qxc4 26.
Nxc4 Nd5 27. Re1 Rb4 28. Nd6 c4 29. f5 c3 30. bxc3 dxc3 31. fxg6 hxg6 32.
g3 Rb1 33. Ra2 Nb4 34. Rae2 Nd3 35. Re8+ Rxe8 36. Rxe8+ Kh7 37. Re7 Rxc1+
38. Kg2 Re1 39. Rc7 Re6 40. Nb5 c2 41. Nd4 Rxa6 42. Nxc2 Ra2 43. Kf3 Rxc2
0-1

[Event "6th Gibtelecom Masters"]
[Site "Gibraltar ENG"]
[Date "2008.01.26"]
[Round "5"]
[White "Svendsen,Pet"]
[Black "Hughes,Pe"]
[Result "1-0"]
[WhiteElo "2011"]
[BlackElo "2195"]
[EventDate "2008.01.22"]

1. d4 Nf6 2. c4 g6 3. Nc3 Bg7 4. e4 d6 5. Bg5 O-O 6. f4 Na6 7. Nf3 h6 8.
Bh4 c6 9. Rc1 Nc7 10. d5 Na6 11. Bd3 Nc5 12. Bb1 a5 13. Qd2 Bd7 14. O-O
cxd5 15. cxd5 Qb6 16. Kh1 Rae8 17. h3 e6 18. e5 Nxd5 19. Nxd5 exd5 20. Bf2
Qa6 21. Qxd5 Bc6 22. Qxd6 Bxf3 23. Bxc5 Bc6 24. Qd3 Bb5 25. Qf3 Bxf1 26.
Rxf1 Qb5 27. Bxf8 Bxf8 28. b3 b6 29. Rd1 Qc5 30. Be4 Bg7 31. Rd7 Re7 32.
Rd8+ Kh7 33. h4 Qc7 34. Rd6 Qc1+ 35. Rd1 Qa3 36. h5 Rc7 37. hxg6+ fxg6 38.
Qg4 Rc1 39. Qxg6+ 1-0

[Event "6th Gibtelecom Masters"]
[Site "Gibraltar ENG"]
[Date "2008.01.28"]
[Round "7"]
[White "Hughes,Pe"]
[Black "Jacobsen,M"]
[Result "0-1"]
[WhiteElo "2195"]
[BlackElo "1799"]
[EventDate "2008.01.22"]

1. d4 Nf6 2. c4 c5 3. d5 e6 4. Nc3 exd5 5. cxd5 d6 6. e4 g6 7. f4 Bg7 8.
Nf3 O-O 9. Be2 Re8 10. e5 dxe5 11. fxe5 Ng4 12. Bg5 Qb6 13. Qd2 Nxe5 14.
O-O-O Bf5 15. Nxe5 Bxe5 16. g4 Bd7 17. d6 Nc6 18. Rhf1 Qb4 19. Bf3 Nd4 20.
Bd5 Ne6 21. Bh6 Qxg4 22. Ne4 Bc6 23. Nf6+ Bxf6 24. Rxf6 Bxd5 25. Qxd5 Qh4
0-1

[Event "6th Gibtelecom Masters"]
[Site "Gibraltar ENG"]
[Date "2008.01.29"]
[Round "8"]
[White "Leon Hoyos,M"]
[Black "Georgiev,Ki"]
[Result "1/2-1/2"]
[WhiteElo "2495"]
[BlackElo "2662"]
[EventDate "2008.01.22"]

1. e4 e5 2. Nf3 Nc6 3. Bb5 Nf6 4. O-O Nxe4 5. Re1 Nd6 6. Nxe5 Be7 7. Bf1
Nxe5 8. Rxe5 O-O 9. d4 Bf6 10. Re1 Re8 11. Rxe8+ Qxe8 12. Bf4 Qe6 13. Nc3
b6 14. Qd2 Bb7 15. Re1 Qf5 16. Bxd6 cxd6 17. Nb5 Bc6 18. Nxa7 Qd5 19. c3
Qxa2 20. Nb5 Bxb5 21. Bxb5 g6 22. Bxd7 Kg7 23. Bc6 Ra7 24. g3 Qc4 25. Bf3
b5 26. Be2 Qb3 27. Bd1 Qa2 28. h4 h5 29. Kg2 Rc7 30. Bf3 Qb3 31. Re3 b4 32.
cxb4 Rc2 33. Rxb3 Rxd2 34. Kf1 Bxd4 35. Be2 Rxb2 36. Rxb2 Bxb2 37. Bc4 Kf6
38. Ke2 Bd4 39. f4 Ke7 40. Bd5 Bb6 41. Kf3 f5 42. Ke2 Ba7 43. b5 Bb6 44.
Bc6 Kd8 45. Bd5 Ke7 46. Bb3 Bc5 47. Bg8 Kf8 48. Be6 Ke7 49. Bc8 Bb6 50. Bb7
Ke6 51. Bc8+ Ke7 52. Bb7 Ke6 53. Bc6 d5 54. Be8 Kf6 55. Bc6 Ke6 56. Be8 Kf6
57. Ke1 Ba5+ 58. Kd1 Bb6 59. Ke2 Bc5 60. Bc6 Ke6 61. Be8 Kf6 62. Bc6 Ke6
63. Kf3 1/2-1/2

[Event "6th Gibtelecom Masters"]
[Site "Gibraltar ENG"]
[Date "2008.01.29"]
[Round "8"]
[White "Kuzubov,Y"]
[Black "Zhao Zong Yuan"]
[Result "1-0"]
[WhiteElo "2606"]
[BlackElo "2487"]
[EventDate "2008.01.22"]

1. d4 Nf6 2. c4 c6 3. Nf3 d5 4. e3 e6 5. b3 Bb4+ 6. Nbd2 Ne4 7. Bd3 O-O 8.
Qc2 f5 9. Bb2 b6 10. O-O Bb7 11. a3 Bd6 12. b4 Nd7 13. Rad1 Qe7 14. Nb3 a5
15. bxa5 bxa5 16. c5 Bc7 17. a4 Ba6 18. Ne5 Bxe5 19. dxe5 Rfb8 20. Bxa6
Rxa6 21. Bd4 Rb4 22. f3 Rc4 23. Qe2 Ndxc5 24. Nxc5 Nxc5 25. Rc1 Nd7 26.
Rxc4 dxc4 27. Qxc4 Nb8 28. Bc5 Qd7 29. Qb3 Ra8 30. Rd1 Qc8 31. Bb6 Kf7 32.
Rd8 Qa6 33. Bc5 1-0

[Event "6th Gibtelecom Masters"]
[Site "Gibraltar ENG"]
[Date "2008.01.29"]
[Round "8"]
[White "Sandipan,C"]
[Black "Wang Yu A"]
[Result "1-0"]
[WhiteElo "2593"]
[BlackElo "2391"]
[EventDate "2008.01.22"]

1. e4 e5 2. Bc4 Nc6 3. Nf3 Nf6 4. d3 Be7 5. O-O O-O 6. Re1 d6 7. a4 Na5 8.
Ba2 c5 9. c3 Be6 10. Nbd2 Qd7 11. Nf1 Bxa2 12. Rxa2 Nc6 13. Ng3 d5 14. exd5
Qxd5 15. b3 Rad8 16. Rd2 Rfe8 17. Bb2 Bd6 18. Ng5 Bc7 19. Nf1 Na5 20. c4
Qd6 21. Bc3 Qb6 22. Bxa5 Qxa5 23. Qc2 h6 24. Ne4 Nxe4 25. Rxe4 f5 26. Ree2
Qa6 27. Ne3 Qg6 28. Nd5 Bd6 29. Rd1 Qh5 30. h3 Qf7 31. Rde1 Re6 32. Qd1
Rde8 33. Re3 g5 34. g4 f4 35. Re4 Kg7 36. Kg2 Rh8 37. Rg1 h5 38. Kf1 hxg4
39. Qxg4 Rg6 40. Re1 Rh4 41. Qf3 Qf5 42. Rg4 Rgh6 43. Rxh4 Rxh4 44. Kg2 g4
45. hxg4 Rxg4+ 46. Kf1 Rh4 47. Ke2 Rh3 48. Ne3 Qxd3+ 49. Kxd3 Rxf3 50. Ke2
Rh3 51. Nf5+ Kf6 52. Nxd6 Rxb3 53. Ne4+ Kf5 54. Nxc5 Rb4 55. Kd3 b6 56. Nd7
Rxa4 57. Nxe5 Ra2 58. f3 Ra4 59. Kc3 Ra3+ 60. Kd4 Re3 61. Rxe3 fxe3 62. Nd3
e2 63. Ke3 1-0

[Event "6th Gibtelecom Masters"]
[Site "Gibraltar ENG"]
[Date "2008.01.29"]
[Round "8"]
[White "Mikhalevski,V"]
[Black "Wippermann,T"]
[Result "0-1"]
[WhiteElo "2632"]
[BlackElo "2435"]
[EventDate "2008.01.22"]

1. d4 Nf6 2. c4 e6 3. g3 d5 4. Nf3 dxc4 5. Bg2 Nc6 6. Qa4 Bb4+ 7. Bd2 Bd6
8. O-O O-O 9. Nc3 e5 10. d5 Ne7 11. Bg5 Nd7 12. Qxc4 a6 13. a4 h6 14. Be3
f5 15. a5 g5 16. b4 b5 17. Qb3 Bb7 18. Ne1 Qe8 19. Nd3 Qf7 20. Nc5 Bxc5 21.
Bxc5 Nxc5 22. bxc5 e4 23. g4 Nxd5 24. Nxd5 Bxd5 25. Qh3 f4 26. Qxh6 Qf6 27.
Qxf6 Rxf6 28. Rfd1 Bc6 29. Rd4 Re8 30. e3 f3 31. Bf1 Rfe6 32. h3 Re5 33.
Rc1 Kf7 34. Kh2 Ke7 35. Kg3 Rh8 36. Rc2 Rh6 37. Rc1 Be8 38. Rc2 Bf7 39. Rc1
Bd5 40. Rcd1 Bc6 41. Rc1 Rhe6 42. h4 gxh4+ 43. Kxh4 Bd5 44. Kg3 Rf6 45.
Rcd1 c6 46. Bh3 Rf8 47. Rh1 Rh8 48. Kf4 Kf6 49. Rdd1 Rh4 50. Rdg1 Re7 51.
Rd1 Reh7 52. Kg3 Kg5 53. Rh2 Rh8 54. Rd4 Rb8 55. Rb4 Bc4 56. Rb1 Rbh8 57.
Rb4 Bf1 58. Bxf1 Rxg4+ 0-1

[Event "6th Gibtelecom Masters"]
[Site "Gibraltar ENG"]
[Date "2008.01.29"]
[Round "8"]
[White "Kritz,L"]
[Black "Foisor,O"]
[Result "1-0"]
[WhiteElo "2592"]
[BlackElo "2401"]
[EventDate "2008.01.22"]

1. e4 c6 2. d4 g6 3. Bd3 d5 4. e5 f6 5. f4 Nh6 6. Nf3 Na6 7. c3 Nc7 8. O-O
Bg7 9. h3 Bf5 10. Be2 Bxb1 11. Rxb1 f5 12. Be3 e6 13. b3 Bf8 14. c4 Be7 15.
Qd2 Nf7 16. Ne1 h5 17. Nf3 h4 18. Rbc1 Kf8 19. c5 Kg7 20. b4 a6 21. a4 g5
22. fxg5 Kg6 23. g4 Nxg5 24. Nxg5 Bxg5 25. Bd3 Rg8 26. Kh2 Kh6 27. gxf5
Bxe3 28. Qxe3+ Qg5 29. Qxg5+ Rxg5 30. f6 Rg3 31. Rf4 Rxd3 32. Rg1 Rg3 33.
Rxh4+ Kg5 34. Kxg3 1-0

[Event "6th Gibtelecom Masters"]
[Site "Gibraltar ENG"]
[Date "2008.01.29"]
[Round "8"]
[White "Berg,E"]
[Black "Rendle,T"]
[Result "1-0"]
[WhiteElo "2583"]
[BlackElo "2393"]
[EventDate "2008.01.22"]

1. e4 e6 2. d4 d5 3. Nc3 dxe4 4. Nxe4 Bd7 5. Nf3 Bc6 6. Bd3 Nd7 7. O-O Ngf6
8. Ng3 Be7 9. Qe2 Bxf3 10. Qxf3 c6 11. b3 O-O 12. Bb2 Re8 13. c4 Qa5 14. a3
b5 15. Bc3 Qb6 16. Rfe1 a5 17. c5 Qc7 18. Bd2 Nf8 19. Bf4 Qd7 20. Be5 Ng6
21. Ne4 Nxe4 22. Bxe4 Rac8 23. b4 a4 24. Rad1 Red8 25. Qh5 Qe8 26. Rd3 f5
27. Rh3 Nh4 28. Rxh4 Bxh4 29. Qxh4 fxe4 30. Rxe4 Rd7 31. Rg4 Qf8 32. Qh6
Re8 33. h4 Ree7 34. Rg5 g6 35. Qh5 Qf5 36. Rxf5 gxh5 37. Rxh5 Rd5 38. Rg5+
Kf7 39. Rg7+ Kf8 40. Rg4 Red7 41. Kf1 Rf7 42. Bd6+ Ke8 43. Rg8+ Kd7 44. Be5
h5 45. Ke2 Rxe5+ 46. dxe5 Rf4 47. Rg7+ Kd8 48. g4 Re4+ 49. Kf3 Rxe5 50.
gxh5 Rxh5 51. Kg4 1-0

[Event "6th Gibtelecom Masters"]
[Site "Gibraltar ENG"]
[Date "2008.01.29"]
[Round "8"]
[White "Hillarp Persson,T"]
[Black "Bellin,R"]
[Result "0-1"]
[WhiteElo "2535"]
[BlackElo "2385"]
[EventDate "2008.01.22"]

1. d4 f5 2. Bg5 g6 3. Nd2 Bg7 4. e3 Nf6 5. Bd3 d6 6. f4 Be6 7. Ngf3 Nbd7 8.
Qe2 O-O 9. O-O Bf7 10. e4 fxe4 11. Nxe4 h6 12. Bxf6 exf6 13. f5 g5 14. Rae1
d5 15. Nf2 Nb6 16. b3 Re8 17. Qd2 Qd6 18. g3 Bf8 19. Kg2 h5 20. g4 Rxe1 21.
Rxe1 Re8 22. Rg1 h4 23. Nh3 Bg7 24. c3 c6 25. Re1 Kf8 26. Rc1 Nd7 27. Nf2
Qe7 28. Re1 Qd6 29. Rxe8+ Kxe8 30. c4 b6 31. cxd5 cxd5 32. b4 Bf8 33. a3
Kd8 34. Nd1 Nb8 35. Nc3 a6 36. Bb1 Nd7 37. Bd3 b5 38. a4 Qxb4 39. axb5 a5
40. Qc2 Nb6 41. Na2 Qa4 42. Qd2 Bb4 43. Nxb4 Qxb4 44. Qc1 Nc4 45. Kf2 Qxb5
46. Bxc4 dxc4 47. Nd2 Qb8 48. Qh1 c3 49. Qc6 Qxh2+ 50. Kf1 cxd2 51. Qxf6+
Ke8 52. Qc6+ Kf8 0-1

[Event "6th Gibtelecom Masters"]
[Site "Gibraltar ENG"]
[Date "2008.01.29"]
[Round "8"]
[White "Forsaa,E"]
[Black "Szabo,Krisz1"]
[Result "1/2-1/2"]
[WhiteElo "2285"]
[BlackElo "2500"]
[EventDate "2008.01.22"]

1. e4 c5 2. Nf3 d6 3. d4 cxd4 4. Nxd4 Nf6 5. Nc3 a6 6. Be3 Nc6 7. h3 e6 8.
g4 h6 9. Bg2 Qc7 10. f4 Be7 11. Qf3 Nxd4 12. Bxd4 e5 13. Be3 exf4 14. Bxf4
Be6 15. O-O-O Nd7 16. Qg3 Ne5 17. Nd5 Bxd5 18. Bxe5 dxe5 19. exd5 O-O-O 20.
Kb1 Bc5 21. Rd3 Qd6 22. Rf1 Rhf8 23. Be4 Kb8 24. h4 Ka7 25. Rdf3 Rd7 26.
Qh2 Qe7 27. Qg3 Rd6 28. Ka1 Rb6 29. Rb3 Rd8 30. Rf5 Re8 31. Kb1 g6 32. Rf1
Rd8 33. Qf3 Rd7 34. h5 gxh5 35. gxh5 Qd6 36. Qg4 Rc7 37. Qg8 Qe7 38. Qh7
Qh4 39. Qf5 Qe7 1/2-1/2

[Event "6th Gibtelecom Masters"]
[Site "Gibraltar ENG"]
[Date "2008.01.29"]
[Round "8"]
[White "Karlsson,L"]
[Black "Bigg,A"]
[Result "1/2-1/2"]
[WhiteElo "2488"]
[BlackElo "2231"]
[EventDate "2008.01.22"]

1. c4 e5 2. g3 Nc6 3. Bg2 g6 4. Nc3 Bg7 5. e4 d6 6. d3 Nd4 7. Nge2 Bg4 8.
h3 Bf3 9. O-O Nxe2+ 10. Nxe2 Bxg2 11. Kxg2 Ne7 12. Qb3 Qc8 13. f4 O-O 14.
Be3 b6 15. fxe5 dxe5 16. c5 Qd7 17. Rad1 Rad8 18. Bg5 h6 19. c6 Nxc6 20.
Bxd8 Nxd8 21. Qd5 Qe7 22. Rf3 c6 23. Qc4 Kh7 24. b4 b5 25. Qc3 Re8 26. a3
Qd7 27. Rdf1 Re7 28. h4 h5 29. Nc1 Ne6 30. Nb3 Qe8 31. Qc2 Kg8 32. Qf2 Kf8
33. Kh2 Kg8 34. Kg2 Kf8 35. Kh2 Kg8 36. Qc2 Rc7 37. Qa2 Re7 38. R1f2 Rc7
39. Qd2 Re7 40. Qc1 Rc7 41. Rc2 Kh7 42. Qf1 Kg8 43. Rc3 Kh7 44. Rf2 Bh6 45.
Qe2 Bg7 46. Qa2 Bh6 47. Rf3 Bf8 48. Rc2 Bg7 49. a4 a6 50. axb5 axb5 51. Qa5
Qb8 52. Qa1 Qf8 53. Qe1 Qa8 54. Rcf2 Kg8 55. Qf1 Qf8 56. Qe1 Qd6 57. Ra2
Bf8 58. Ra5 Kg7 59. Qa1 f6 60. Ra7 Qxb4 61. Rxc7+ Nxc7 62. d4 Bd6 63. Qc3
Qc4 64. Qxc4 bxc4 65. Na5 exd4 66. Nxc4 Be5 67. Rb3 Ne6 68. Rb6 Nd8 69. Kg2
Kf7 70. Ra6 Ke6 71. Kf3 g5 72. hxg5 fxg5 73. Nxe5 Kxe5 74. Ra5+ Kf6 75.
Rf5+ Kg6 76. Rc5 Kf6 77. Rf5+ Kg6 78. Rc5 Kf6 79. Ke2 Ne6 80. Rf5+ Kg6 81.
Re5 Kf6 82. Rf5+ Kg6 83. Ra5 c5 84. Kf3 Kf6 85. Ra8 Ke5 86. Rh8 g4+ 87. Ke2
Kxe4 88. Re8 Kd5 89. Rh8 c4 90. Rxh5+ Ke4 91. Rh6 Ng5 92. Rg6 d3+ 93. Kd1
Nh3 94. Kd2 Kf3 95. Rc6 Kxg3 96. Rxc4 Nf2 97. Ke3 Kg2 98. Rxg4+ Nxg4+ 99.
Kxd3 1/2-1/2

[Event "6th Gibtelecom Masters"]
[Site "Gibraltar ENG"]
[Date "2008.01.29"]
[Round "8"]
[White "Aloma Vidal,R"]
[Black "Socko,M"]
[Result "1/2-1/2"]
[WhiteElo "2393"]
[BlackElo "2479"]
[EventDate "2008.01.22"]

1. d4 Nf6 2. Nf3 e6 3. g3 c5 4. Bg2 cxd4 5. O-O d5 6. Nxd4 Be7 7. c4 dxc4
8. Qa4+ Nbd7 9. Rd1 O-O 10. Qxc4 Qb6 11. Nc3 Nc5 12. Bf4 Bd7 13. a4 a5 14.
Ndb5 Rac8 15. Qa2 Bc6 16. Nd6 Rcd8 17. Nc4 Qa6 18. Bxc6 bxc6 19. Bc7 Rxd1+
20. Rxd1 Nd5 21. Bd6 Bxd6 22. Nxd6 Rd8 23. Nc4 Rb8 24. Ne5 h6 25. Qc4 Qxc4
26. Nxc4 Rb4 27. Nxa5 Rxb2 28. Rc1 Nxc3 29. Rxc3 Nxa4 30. Rc4 Nb6 31. Rxc6
Nd5 32. Kf1 g6 1/2-1/2

[Event "6th Gibtelecom Masters"]
[Site "Gibraltar ENG"]
[Date "2008.01.29"]
[Round "8"]
[White "Al Sayed,Mohamad"]
[Black "Zozulia,A"]
[Result "1/2-1/2"]
[WhiteElo "2486"]
[BlackElo "2344"]
[EventDate "2008.01.22"]

1. e4 g6 2. d4 Bg7 3. Nf3 d6 4. Bc4 Nf6 5. Qe2 O-O 6. Bb3 c6 7. O-O Bg4 8.
Nbd2 e5 9. dxe5 dxe5 10. h3 Bxf3 11. Nxf3 Nbd7 12. c3 a5 13. Bc2 Qe7 14.
Be3 Nc5 15. Nd2 Nfd7 16. Rad1 Rfd8 17. a4 Nf8 18. Nc4 Nfe6 19. g3 Rxd1 20.
Rxd1 Qc7 21. Kg2 Bf8 22. h4 h5 23. g4 Ng7 24. gxh5 Nxh5 25. Qg4 b5 26. Nd2
Ne6 27. Nf3 Bc5 28. axb5 cxb5 29. Bb3 Bxe3 30. fxe3 Nf6 31. Qg3 Nxe4 32.
Qxe5 Qxe5 33. Nxe5 Rd8 34. Rxd8+ Nxd8 35. Bd5 Nc5 36. b4 axb4 37. cxb4 Na6
38. Nd3 Nc7 39. e4 Kf8 40. Kf3 Ke7 41. Ke3 Kd6 42. Bb3 Nde6 43. e5+ Ke7 44.
Bxe6 Nxe6 45. Ke4 f6 46. Kd5 fxe5 47. Kxe5 Kf7 48. Nf2 Nc7 49. Nd3 Na6 50.
Kd5 Kf6 51. Ke4 Kg7 52. Kf4 Kh6 53. Kg4 Nb8 54. Ne5 Na6 55. Nc6 Nc7 56. Nd4
Nd5 57. Nxb5 1/2-1/2

[Event "6th Gibtelecom Masters"]
[Site "Gibraltar ENG"]
[Date "2008.01.29"]
[Round "8"]
[White "Jakobsen,O"]
[Black "Harika,D"]
[Result "1/2-1/2"]
[WhiteElo "2372"]
[BlackElo "2455"]
[EventDate "2008.01.22"]

1. Nf3 c5 2. c4 Nc6 3. d4 cxd4 4. Nxd4 Qb6 5. e3 Nf6 6. Nc3 e6 7. Be2 Be7
8. O-O O-O 9. b3 d5 10. cxd5 Nxd4 11. exd4 Nxd5 12. Nxd5 exd5 13. Bf3 Be6
14. Bb2 Rac8 15. Re1 Bf6 16. g3 Rc7 17. Re2 Rfc8 18. h4 Qb5 19. a4 Qd7 20.
Qd2 h6 21. Qf4 Rc2 22. Rae1 b5 23. Rxc2 Rxc2 24. Qb8+ Kh7 25. Re2 Rxe2 26.
Bxe2 bxa4 27. Bb5 Qe7 28. Bxa4 Bf5 29. Qe8 Bc2 30. Qxe7 Bxe7 31. Bc3 Kg6
32. Kf1 Kf5 1/2-1/2

[Event "6th Gibtelecom Masters"]
[Site "Gibraltar ENG"]
[Date "2008.01.29"]
[Round "8"]
[White "Wintzer,J"]
[Black "Greet,A"]
[Result "0-1"]
[WhiteElo "2349"]
[BlackElo "2444"]
[EventDate "2008.01.22"]

1. c4 Nf6 2. Nf3 e6 3. Nc3 Bb4 4. Qc2 c5 5. a3 Ba5 6. g3 Nc6 7. Bg2 O-O 8.
O-O d6 9. d3 h6 10. e3 e5 11. Rb1 Be6 12. Nd2 Qd7 13. b4 Bd8 14. Nd5 Rc8
15. b5 Nb8 16. f4 Bh3 17. Nxf6+ Bxf6 18. Ne4 Be7 19. Bxh3 Qxh3 20. f5 Nd7
21. Qe2 Nf6 22. Qf3 Ng4 23. Rb2 Rfd8 24. Nc3 e4 25. Nxe4 d5 26. cxd5 Rxd5
27. Qe2 c4 28. d4 Bxa3 29. Nc3 Rd7 30. Rc2 Bxc1 31. Rfxc1 Re8 32. Nd1 Rd5
33. Rxc4 Rxf5 34. Rc8 Rf1+ 0-1

[Event "6th Gibtelecom Masters"]
[Site "Gibraltar ENG"]
[Date "2008.01.29"]
[Round "8"]
[White "Papadopoulos,I"]
[Black "Ly,M"]
[Result "1/2-1/2"]
[WhiteElo "2444"]
[BlackElo "2319"]
[EventDate "2008.01.22"]

1. e4 e6 2. d4 d5 3. Nc3 Nf6 4. e5 Nfd7 5. f4 c5 6. Nf3 Nc6 7. Be3 a6 8.
Qd2 Be7 9. Be2 O-O 10. O-O f6 11. exf6 Rxf6 12. dxc5 Nxc5 13. Kh1 b5 14. a3
Bb7 15. Rad1 Kh8 16. Nd4 Qc7 17. Bg4 Raf8 18. Nxe6 Nxe6 19. Nxd5 Qb8 20.
Nxf6 Rxf6 21. f5 Nc5 22. Bf4 Qf8 23. Qe3 h6 24. Rfe1 Bc8 25. Bf3 Rxf5 26.
Bg3 Rxf3 27. Qxf3 Qxf3 28. gxf3 Ne6 29. c3 Kg8 30. Kg2 Kf7 31. h4 g6 32.
Kf2 Ng7 33. a4 Nf5 34. axb5 axb5 35. Rd5 b4 36. Rb5 bxc3 37. bxc3 Nxg3 38.
Kxg3 Bd6+ 39. Kg2 Ne7 40. Rd1 Bf4 41. Rb4 Be5 42. Rd8 Ba6 43. Ra8 Bd3 44.
c4 Bf5 45. c5 Ke6 46. Rd8 Bc7 47. Rb6+ Kf7 48. Ra8 Be6 49. Ra7 Be5 50. Rbb7
Bf6 51. c6 Bxh4 52. Rb8 Bf6 53. c7 Bd4 54. Rab7 Nc8 55. Rb4 Be5 56. R4b5
Bd6 57. Rxc8 Bxc8 58. Rb8 Bxc7 59. Rxc8 Be5 60. Kf2 Kf6 61. Ke3 Kf5 62. Rc6
h5 63. Rc8 Bf4+ 64. Kd4 Be5+ 65. Ke3 Bf4+ 66. Ke2 Be5 67. Rf8+ Bf6 68. Kd3
g5 1/2-1/2

[Event "6th Gibtelecom Masters"]
[Site "Gibraltar ENG"]
[Date "2008.01.29"]
[Round "8"]
[White "Ramaswamy,A"]
[Black "Butnorius,A"]
[Result "0-1"]
[WhiteElo "2322"]
[BlackElo "2441"]
[EventDate "2008.01.22"]

1. e4 e5 2. Nf3 Nc6 3. Bb5 a6 4. Bxc6 dxc6 5. O-O Qd6 6. Na3 Be6 7. Qe2 f6
8. Rd1 Bg4 9. h3 Bxf3 10. Qxf3 Qe6 11. b3 Bd6 12. Qg3 Ne7 13. Nc4 O-O 14.
Nxd6 cxd6 15. d4 Rad8 16. dxe5 fxe5 17. Bg5 h6 18. Bxe7 Qxe7 19. Rd3 Rf6
20. Rad1 Rdf8 21. f3 Kh7 22. c4 Rg6 23. Qf2 c5 24. Qd2 Rff6 25. Kh1 b5 26.
cxb5 axb5 27. a4 b4 28. Qe2 Rg3 29. Qd2 Rfg6 30. Rxd6 Rxg2 31. Qxg2 Rxd6
32. Qe2 Rg6 33. Rg1 Rf6 34. Kg2 Rd6 35. Rd1 Rg6+ 36. Kf2 Qh4+ 37. Ke3 Qxh3
38. Rd8 Qh4 39. Rd5 Rg1 40. Kd3 Rc1 41. Rxe5 Rc3+ 0-1

[Event "6th Gibtelecom Masters"]
[Site "Gibraltar ENG"]
[Date "2008.01.29"]
[Round "8"]
[White "Thomassen,J"]
[Black "Berczes,D"]
[Result "1-0"]
[WhiteElo "2308"]
[BlackElo "2429"]
[EventDate "2008.01.22"]

1. e4 c5 2. Nf3 Nc6 3. d4 cxd4 4. Nxd4 Nf6 5. Nc3 e5 6. Ndb5 d6 7. Bg5 a6
8. Na3 b5 9. Nd5 Be7 10. Bxf6 Bxf6 11. c3 Bg5 12. Nc2 O-O 13. a4 bxa4 14.
Rxa4 a5 15. Bc4 Bd7 16. b3 Ne7 17. Ra2 Nxd5 18. Bxd5 Rc8 19. Qa1 Kh8 20.
Rxa5 f5 21. O-O f4 22. f3 Bh4 23. Ra7 Rf6 24. Qa5 Qe8 25. Bb7 Rb8 26. Qc7
Rg6 27. Rfa1 Rd8 28. Ra8 h5 29. Kf1 Kh7 30. Bd5 Qe7 31. Qxd8 Qxd8 32. Rxd8
Bxd8 33. Ra8 Bb6 34. Bg8+ Kh6 35. Bf7 Be6 36. Bxg6 Bxb3 37. Na3 Kxg6 38.
Rb8 1-0

[Event "6th Gibtelecom Masters"]
[Site "Gibraltar ENG"]
[Date "2008.01.29"]
[Round "8"]
[White "Werner,Di"]
[Black "Van Haastert,E"]
[Result "0-1"]
[WhiteElo "2293"]
[BlackElo "2416"]
[EventDate "2008.01.22"]

1. e4 e5 2. Bc4 Nc6 3. Nf3 Bc5 4. d3 Nf6 5. c3 a6 6. Bb3 Ba7 7. h3 O-O 8.
Bg5 d6 9. Nbd2 h6 10. Bh4 g5 11. Nxg5 hxg5 12. Bxg5 Kg7 13. Qf3 Rh8 14. Nf1
Be6 15. g4 Bxf2+ 16. Kxf2 Nxe4+ 17. dxe4 Qxg5 18. Ng3 Nd8 19. Nh5+ Kf8 20.
Ke2 Qg6 21. Raf1 a5 22. Qe3 a4 23. Rf6 Bxg4+ 24. hxg4 Qxg4+ 25. Qf3 Qxf3+
26. Kxf3 axb3 27. axb3 Ra2 28. Rh2 Ne6 29. Rf5 Ng7 0-1

[Event "6th Gibtelecom Masters"]
[Site "Gibraltar ENG"]
[Date "2008.01.29"]
[Round "8"]
[White "Houska,Jo"]
[Black "Rasch,H"]
[Result "1/2-1/2"]
[WhiteElo "2393"]
[BlackElo "2263"]
[EventDate "2008.01.22"]

1. d4 d5 2. c4 e6 3. Nf3 c6 4. g3 Nf6 5. Bg2 Be7 6. O-O O-O 7. Bf4 Nbd7 8.
Nc3 dxc4 9. e4 b5 10. d5 b4 11. d6 bxc3 12. bxc3 Re8 13. dxe7 Qxe7 14. Bd6
Qd8 15. Nd4 Bb7 16. Rb1 Nb6 17. e5 Nfd5 18. Qd2 Qd7 19. h4 f5 20. g4 fxg4
21. f3 g3 22. f4 c5 23. Bxc5 Nxc3 24. Bxb7 Nxb1 25. Qg2 Nc3 26. f5 exf5 27.
Bc6 Qd8 28. Bxe8 Qxe8 29. Rxf5 Rd8 30. Rf8+ Qxf8 31. Bxf8 Rxd4 32. Qf3 Nbd5
33. Bc5 Rf4 34. Qh5 g6 35. Qg5 Rf5 36. Qd8+ Kg7 37. Qd7+ Kh6 38. Kh1 Rxe5
39. Bf8+ Kh5 40. Kg2 Kxh4 41. Qh3+ Kg5 42. Qxg3+ Kf5 43. Qh3+ Kg5 44. Bh6+
Kf6 45. Qc8 g5 46. Qd8+ Kg6 47. Qd6+ Kf5 48. Qf8+ Nf6 49. Bg7 Ncd5 50. Bxf6
Nxf6 51. Qc8+ Kg6 52. Qxc4 a5 53. a4 h5 54. Qd3+ Rf5 55. Kg3 1/2-1/2